[Event "Villa Ballester op 73rd"]
[Site "Buenos Aires"]
[Date "2024.01.27"]
[Round "8"]
[White "Edgar, Roberto"]
[Black "Serrano, Luis Leonel"]
[Result "0-1"]
[WhiteElo "1905"]
[BlackElo "2009"]
[PlyCount "132"]
[EventDate "2024.01.19"]
[EventType "swiss"]
[EventRounds "9"]
[EventCountry "ARG"]
[SourceTitle "CB06_2024"]
[SourceDate "2024.02.07"]
[SourceVersion "1"]
[SourceVersionDate "2024.02.07"]
[SourceQuality "1"]

1. Nf3 c5 2. e4 Nc6 3. Bb5 e6 4. Bxc6 bxc6 5. 0-0 d5 6. d3 Nf6 7. Qe2 Be7 8. c4 Bb7 9. Bf4 Nh5 10. Bd2 Qb6 11. Nc3 Nf6 12. Bg5 h6 13. Bxf6 Bxf6 14. exd5 cxd5 15. Nxd5 Bxd5 16. cxd5 0-0-0 17. dxe6 Rhe8 18. Qc2 Rxe6 19. Rac1 Kb8 20. Rfd1 g5 21. Nd2 Re2 22. Qc4 Bd4 23. Nb3 Qf6 24. Rf1 Bxf2+ 25. Kh1 Qe7 26. Qb5+ Qb7 27. Qxb7+ Kxb7 28. Nxc5+ Kb8 29. Ne4 Bb6 30. Rxf7 Rxd3 31. Rf8+ Kb7 32. Rf7+ Ka6 33. Rf3 Rd4 34. Ng3 Rxb2 35. Nf5 Rdd2 36. Rg3 Rdc2 37. Rd1 Bc7 38. Ra3+ Kb7 39. Rb3+ Rxb3 40. axb3 Rc3 41. Rb1 h5 42. Nd4 Re3 43. g3 h4 44. gxh4 gxh4 45. Nf5 Re2 46. Kg1 h3 47. Ng3 Rg2+ 48. Kh1 a5 49. Nf1 Bb6 50. Ng3 Bc7 51. Nf1 Ka6 52. Rd1 Rb2 53. Rd3 Rb1 54. Rf3 Kb5 55. Kg1 Bb6+ 56. Kh1 Bc5 57. Rf7 Kb4 58. Rf4+ Kxb3 59. Rf3+ Kb4 60. Rf4+ Kb5 61. Rf7 a4 62. Rb7+ Bb6 63. Rf7 a3 64. Rf5+ Bc5 65. Rf2 a2 66. Kg1 a1Q 0-1

[Event "Villa Ballester op 73rd"]
[Site "Buenos Aires"]
[Date "2024.01.19"]
[Round "1"]
[White "Torra, Leonardo"]
[Black "Edgar, Roberto"]
[Result "1/2-1/2"]
[WhiteElo "1159"]
[BlackElo "1905"]
[PlyCount "97"]
[EventDate "2024.01.19"]
[EventType "swiss"]
[EventRounds "9"]
[EventCountry "ARG"]
[SourceTitle "CB06_2024"]
[SourceDate "2024.02.07"]
[SourceVersion "1"]
[SourceVersionDate "2024.02.07"]
[SourceQuality "1"]

1. e4 Nf6 2. Nc3 e5 3. f4 d5 4. fxe5 Nxe4 5. Qf3 Nxc3 6. dxc3 Be7 7. Bf4 c6 8. 0-0-0 Be6 9. Kb1 Nd7 10. Ne2 c5 11. c4 dxc4 12. Nc3 Qb6 13. Be2 0-0-0 14. Qe4 Nb8 15. Bxc4 Nc6 16. Nd5 Bxd5 17. Bxd5 Nd4 18. c4 Ne6 19. Bg3 g6 20. Rd3 Qc7 21. Rb3 b6 22. Qg4 Qd7 23. Rd1 Nd4 24. Qxd7+ Rxd7 25. Rbd3 Rdd8 26. Bf2 Ne6 27. Bg3 h5 28. Bf2 h4 29. Bxe6+ fxe6 30. Rxd8+ Rxd8 31. Rxd8+ Kxd8 32. h3 Ke8 33. Kc2 Kf7 34. Kd3 g5 35. Ke4 Kg6 36. g3 hxg3 37. Bxg3 Kh5 38. Kf3 Bd8 39. Ke4 g4 40. hxg4+ Kxg4 41. Bh2 Bg5 42. Bg1 Bc1 43. b3 Bb2 44. Bh2 a6 45. Bf4 Bd4 46. Bh2 Kh3 47. Bf4 b5 48. cxb5 axb5 49. Be3 1/2-1/2

[Event "Buenos Aires Faogba 36th"]
[Site "Buenos Aires"]
[Date "2019.11.21"]
[Round "5.3"]
[White "Garcia Lemos, Federico"]
[Black "Edgar, Roberto"]
[Result "1-0"]
[WhiteElo "2255"]
[BlackElo "1945"]
[PlyCount "57"]
[EventDate "2019.11.07"]
[EventType "swiss"]
[EventRounds "7"]
[EventCountry "ARG"]
[SourceTitle "EXT 2024"]
[Source "ChessBase"]
[SourceDate "2023.10.10"]
[SourceVersion "1"]
[SourceVersionDate "2023.10.10"]
[SourceQuality "1"]

1. c4 Nf6 2. Nc3 e5 3. Nf3 Nc6 4. e3 Be7 5. a3 0-0 6. Qc2 d6 7. Bd3 g6 8. b4 Re8 9. Nd5 Bf8 10. Bb2 Nxd5 11. cxd5 Ne7 12. e4 Bd7 13. 0-0 Bg7 14. Bc4 c6 15. dxc6 bxc6 16. Rfe1 d5 17. Bb3 d4 18. Qc5 Nc8 19. Rac1 a5 20. b5 cxb5 21. Bxf7+ Kxf7 22. Qd5+ Be6 23. Qxa8 h6 24. Qb7+ Re7 25. Qxb5 Nd6 26. Nxe5+ Kg8 27. Nc6 Nxb5 28. Nxd8 Bb3 29. Nc6 1-0

[Event "Buenos Aires Faogba 36th"]
[Site "Buenos Aires"]
[Date "2019.11.14"]
[Round "3.3"]
[White "Cuberli, Emiliano"]
[Black "Edgar, Roberto"]
[Result "1-0"]
[WhiteElo "2147"]
[BlackElo "1945"]
[PlyCount "58"]
[EventDate "2019.11.07"]
[EventType "swiss"]
[EventRounds "7"]
[EventCountry "ARG"]
[SourceTitle "EXT 2024"]
[Source "ChessBase"]
[SourceDate "2023.10.10"]
[SourceVersion "1"]
[SourceVersionDate "2023.10.10"]
[SourceQuality "1"]

1. e4 c5 2. Nf3 d6 3. d4 cxd4 4. Nxd4 Nf6 5. Nc3 a6 6. Bg5 Nbd7 7. Bc4 g6 8. f3 Bg7 9. Qd2 0-0 10. 0-0-0 Ne5 11. Bb3 b5 12. Nd5 a5 13. Nxf6+ exf6 14. Bf4 Bd7 15. Bd5 Rc8 16. h4 Nc4 17. Bxc4 bxc4 18. Ne2 Qb6 19. Qxd6 Bc6 20. Qd4 Qb7 21. Qc3 Rfe8 22. Rd6 f5 23. e5 Qe7 24. Rhd1 Qxh4 25. Bg3 Qg5+ 26. f4 Qg4 27. Nd4 Be4 28. Qe3 c3 29. bxc3 Bf8 1-0

[Event "Buenos Aires Martin Sciorra 1st"]
[Site "Buenos Aires"]
[Date "2019.10.10"]
[Round "3.3"]
[White "Edgar, Roberto"]
[Black "Herrera, Pablo"]
[Result "1-0"]
[WhiteElo "2093"]
[BlackElo "2095"]
[PlyCount "49"]
[EventDate "2019.10.03"]
[EventType "swiss"]
[EventRounds "6"]
[EventCountry "ARG"]
[SourceTitle "EXT 2024"]
[Source "ChessBase"]
[SourceDate "2023.10.10"]
[SourceVersion "1"]
[SourceVersionDate "2023.10.10"]
[SourceQuality "1"]

1. Nf3 Nf6 2. c4 e6 3. g3 b6 4. Bg2 Bb7 5. 0-0 Be7 6. d4 0-0 7. d5 exd5 8. Nh4 Ne4 9. cxd5 Bxh4 10. Bxe4 Bf6 11. Qc2 Na6 12. Nc3 h6 13. Rd1 Nc5 14. Bf3 a5 15. d6 Bxf3 16. dxc7 Qxc7 17. exf3 Bxc3 18. Qxc3 Rfe8 19. Bf4 Qc6 20. Rd6 Qb5 21. Bxh6 f6 22. Bxg7 Ne6 23. Bxf6 Rf8 24. Qd3 Qxd3 25. Rxd3 1-0

[Event "Moron Perez Cup U2200 sf"]
[Site "Moron"]
[Date "2019.08.03"]
[Round "6.4"]
[White "Edgar, Roberto"]
[Black "Solano, Pablo"]
[Result "1-0"]
[WhiteElo "1941"]
[BlackElo "1914"]
[PlyCount "87"]
[EventDate "2019.07.29"]
[EventType "swiss"]
[EventRounds "6"]
[EventCountry "ARG"]
[SourceTitle "EXT 2024"]
[Source "ChessBase"]
[SourceDate "2023.10.10"]
[SourceVersion "1"]
[SourceVersionDate "2023.10.10"]
[SourceQuality "1"]

1. Nf3 Nf6 2. g3 b6 3. Bg2 Bb7 4. c4 e5 5. 0-0 d6 6. Nc3 Be7 7. d3 0-0 8. Qc2 Nc6 9. Bg5 Nd7 10. Bxe7 Nxe7 11. b4 h6 12. Rfd1 f5 13. e4 f4 14. d4 fxg3 15. hxg3 Ng6 16. Nd5 c6 17. Ne3 Qc7 18. Nf5 Rad8 19. Rac1 exd4 20. N3xd4 Rde8 21. Rd2 Nf6 22. c5 bxc5 23. bxc5 d5 24. Nd6 Ne5 25. Nxe8 Rxe8 26. Nf5 Nc4 27. Rd4 Qa5 28. Rxc4 dxc4 29. Qxc4+ Kf8 30. Nd6 Re7 31. e5 Ne8 32. Nxb7 Rxb7 33. Bxc6 Re7 34. Bxe8 Rxe8 35. c6 Qxe5 36. c7 Rc8 37. Rc3 Qf6 38. Rb3 Qf5 39. Rb8 Qd7 40. Qc5+ Kf7 41. Rxc8 Qxc8 42. Qxa7 Kg6 43. Qb8 Qd7 44. c8Q 1-0

[Event "Moron Perez Cup U2200 sf"]
[Site "Moron"]
[Date "2019.07.30"]
[Round "2.4"]
[White "Oyarzu, Eduardo"]
[Black "Edgar, Roberto"]
[Result "0-1"]
[WhiteElo "1849"]
[BlackElo "1941"]
[PlyCount "20"]
[EventDate "2019.07.29"]
[EventType "swiss"]
[EventRounds "6"]
[EventCountry "ARG"]
[SourceTitle "EXT 2024"]
[Source "ChessBase"]
[SourceDate "2023.10.10"]
[SourceVersion "1"]
[SourceVersionDate "2023.10.10"]
[SourceQuality "1"]

1. d4 d5 2. Nf3 Nf6 3. c4 c6 4. Nc3 e6 5. cxd5 exd5 6. Qc2 Be7 7. Bg5 h6 8. Bf4 Nbd7 9. e3 Nh5 10. Nxd5 cxd5 0-1

[Event "Buenos Aires Anaya Memorial 1st"]
[Site "Buenos Aires"]
[Date "2019.05.24"]
[Round "4.3"]
[White "Edgar, Roberto"]
[Black "Ruiz Diaz, Alfredo"]
[Result "1-0"]
[WhiteElo "2067"]
[BlackElo "1957"]
[PlyCount "99"]
[EventDate "2019.05.03"]
[EventType "tourn"]
[EventRounds "5"]
[EventCountry "ARG"]
[SourceTitle "EXT 2024"]
[Source "ChessBase"]
[SourceDate "2023.10.10"]
[SourceVersion "1"]
[SourceVersionDate "2023.10.10"]
[SourceQuality "1"]

1. Nf3 d5 2. g3 Nf6 3. Bg2 e6 4. c4 c6 5. Qc2 Bd6 6. d4 h6 7. 0-0 Nbd7 8. Nbd2 0-0 9. e4 dxe4 10. Nxe4 Nxe4 11. Qxe4 Nf6 12. Qe2 Re8 13. Rd1 Qe7 14. b3 e5 15. dxe5 Bxe5 16. Qxe5 Qxe5 17. Nxe5 Rxe5 18. Rd8+ Kh7 19. Bb2 Re2 20. Bxf6 gxf6 21. Bh3 Bxh3 22. Rxa8 a6 23. Ra7 Re7 24. f3 Kg6 25. Kf2 Rd7 26. Re1 Be6 27. Ra8 f5 28. Re8 Kf6 29. f4 Rd2+ 30. Re2 Rd7 31. Kg2 Kg7 32. Kf2 Kf6 33. Ke3 b5 34. cxb5 axb5 35. Rd2 Bd5 36. Re5 Kg6 37. Rexd5 cxd5 38. Kd4 Ra7 39. Re2 h5 40. Kxd5 h4 41. Kc5 hxg3 42. hxg3 Kh5 43. Kxb5 Kg4 44. Re3 Rxa2 45. Kc6 Rb2 46. Kd6 Kh5 47. Ke5 Kg6 48. Kd4 Rc2 49. b4 Kf6 50. b5 1-0

[Event "Buenos Aires Anaya Memorial 1st"]
[Site "Buenos Aires"]
[Date "2019.05.10"]
[Round "2.3"]
[White "Rodriguez Vargas, Sergio"]
[Black "Edgar, Roberto"]
[Result "0-1"]
[WhiteElo "2019"]
[BlackElo "2067"]
[PlyCount "100"]
[EventDate "2019.05.03"]
[EventType "tourn"]
[EventRounds "5"]
[EventCountry "ARG"]
[SourceTitle "EXT 2024"]
[Source "ChessBase"]
[SourceDate "2023.10.10"]
[SourceVersion "1"]
[SourceVersionDate "2023.10.10"]
[SourceQuality "1"]

1. e4 Nf6 2. e5 Nd5 3. c4 Nb6 4. d4 d6 5. exd6 exd6 6. Nc3 Nc6 7. Be3 Be7 8. Nf3 Bg4 9. b3 0-0 10. Be2 d5 11. c5 Nc8 12. 0-0 Bf6 13. b4 a6 14. h3 Be6 15. Rb1 N8e7 16. b5 axb5 17. Bxb5 Nf5 18. Bxc6 bxc6 19. Bf4 g6 20. Qd2 Ra7 21. Rfe1 Qa8 22. Ne5 Ne7 23. Ng4 Bxg4 24. hxg4 Qd8 25. a4 Qd7 26. f3 Rfa8 27. Re2 Kh8 28. Rbe1 Ng8 29. Be5 Bxe5 30. Rxe5 Rb7 31. Qf4 Kg7 32. g5 Rbb8 33. Kf2 Rb2+ 34. Kg3 Rc2 35. R5e3 Rb8 36. R1e2 Rxe2 37. Nxe2 Ra8 38. Qe5+ Kf8 39. Ra3 Re8 40. Qh8 Rxe2 41. Qxh7 Qf5 42. Qh4 Qc2 43. Qh3 Qc1 44. Rb3 Qxg5+ 45. Kh2 Qf4+ 46. Qg3 Qxg3+ 47. Kxg3 Ra2 48. Rb8+ Kg7 49. Ra8 Ne7 50. a5 Nf5+ 0-1

[Event "Moron Philidor CC A 6th"]
[Site "Moron"]
[Date "2019.??.??"]
[Round "2.4"]
[White "Edgar, Roberto"]
[Black "Rodriguez Vargas, Sergio"]
[Result "1-0"]
[WhiteElo "2048"]
[BlackElo "1988"]
[PlyCount "69"]
[EventDate "2019.01.31"]
[EventType "swiss"]
[EventRounds "5"]
[EventCountry "ARG"]
[SourceTitle "EXT 2024"]
[Source "ChessBase"]
[SourceDate "2023.10.10"]
[SourceVersion "1"]
[SourceVersionDate "2023.10.10"]
[SourceQuality "1"]

1. Nf3 d5 2. c4 e6 3. g3 Nf6 4. Bg2 Be7 5. d4 0-0 6. 0-0 b6 7. Nc3 Bb7 8. Ne5 Nbd7 9. Qa4 Nxe5 10. dxe5 Ne8 11. cxd5 exd5 12. Rd1 c6 13. e4 b5 14. Qb3 d4 15. Ne2 c5 16. Qxb5 Qb6 17. Qd7 Qc7 18. Qxc7 Nxc7 19. b4 Ba6 20. Bf1 d3 21. Nf4 c4 22. a3 Rfd8 23. Be3 g5 24. Nd5 Nxd5 25. exd5 Rxd5 26. Bg2 Bb7 27. Rac1 Rc8 28. Bxd5 Bxd5 29. Rxd3 Be6 30. Rdc3 a6 31. f4 g4 32. f5 Bd5 33. Rd1 Be4 34. f6 Bd8 35. Rxc4 1-0

[Event "Moron Mayor Cup Challengers 1819"]
[Site "Moron"]
[Date "2019.??.??"]
[Round "2.5"]
[White "Ruiz Diaz, Alfredo"]
[Black "Edgar, Roberto"]
[Result "1-0"]
[WhiteElo "1933"]
[BlackElo "2067"]
[PlyCount "129"]
[EventDate "2019.04.01"]
[EventType "tourn"]
[EventRounds "7"]
[EventCountry "ARG"]
[SourceTitle "EXT 2024"]
[Source "ChessBase"]
[SourceDate "2023.10.10"]
[SourceVersion "1"]
[SourceVersionDate "2023.10.10"]
[SourceQuality "1"]

1. d4 d5 2. Nf3 Nf6 3. Bf4 Bf5 4. e3 e6 5. h3 h6 6. Bd3 Ne4 7. 0-0 Bd6 8. Bxd6 Qxd6 9. Nbd2 Nd7 10. Nh2 0-0 11. Nxe4 dxe4 12. Be2 Nf6 13. c4 c5 14. dxc5 Qxc5 15. Qc2 Rac8 16. Rfd1 Rc7 17. a3 a5 18. Nf1 b5 19. b3 Rfc8 20. Qb2 Qb6 21. Qd4 Qxd4 22. Rxd4 bxc4 23. Bxc4 a4 24. Ba6 Ra8 25. Rxa4 Nd5 26. Bb5 Rb8 27. Bc4 Bg6 28. Ra5 Nb6 29. Rb5 Rcb7 30. a4 Nc8 31. Rxb7 Rxb7 32. Nd2 Nd6 33. Be2 f5 34. a5 Be8 35. a6 Ra7 36. b4 Nb5 37. Ra5 Nc3 38. Bc4 Kf7 39. b5 Bxb5 40. Bxb5 Nxb5 41. Rxb5 Rxa6 42. g4 g6 43. Kg2 Kf6 44. Kg3 Ra1 45. Kg2 Kg5 46. gxf5 exf5 47. Nxe4+ Kh4 48. Nd6 Ra4 49. Rd5 h5 50. Rd4+ Rxd4 51. exd4 Kg5 52. Nc4 Kf6 53. d5 g5 54. f3 Ke7 55. Ne3 Kf6 56. d6 f4 57. Nf5 Ke6 58. h4 g4 59. fxg4 hxg4 60. h5 Kxf5 61. d7 Kg5 62. d8Q+ Kxh5 63. Qh8+ Kg5 64. Qg7+ Kf5 65. Kf2 1-0

[Event "Moron Philidor CC op 17th"]
[Site "Moron"]
[Date "2018.09.15"]
[Round "5"]
[White "Edgar, Roberto"]
[Black "Brunsteins, Daniel Bernardo"]
[Result "1/2-1/2"]
[WhiteElo "1995"]
[BlackElo "1863"]
[PlyCount "62"]
[EventDate "2018.09.04"]
[EventType "swiss"]
[EventRounds "6"]
[EventCountry "ARG"]
[SourceTitle "CBM 186 Extra"]
[Source "ChessBase"]
[SourceDate "2018.08.24"]
[SourceVersion "1"]
[SourceVersionDate "2018.08.24"]
[SourceQuality "1"]

1. e4 c6 2. Nc3 d5 3. Nf3 Bg4 4. h3 Bxf3 5. Qxf3 e6 6. d3 Nf6 7. Bd2 Be7 8. g4 d4 9. Ne2 c5 10. Bg2 Nc6 11. 0-0 Qc7 12. Bf4 Bd6 13. Bxd6 Qxd6 14. Ng3 0-0 15. Qe2 Qf4 16. Qd1 g6 17. Ne2 Qc7 18. f4 Kg7 19. Qe1 Nb4 20. Qd2 Rad8 21. a3 Nc6 22. b3 h6 23. Rf2 Nh7 24. f5 e5 25. Raf1 Rd6 26. fxg6 fxg6 27. Rxf8 Nxf8 28. Rxf8 Kxf8 29. Qxh6+ Qg7 30. Qg5 Qf6 31. Qh6+ Qg7 1/2-1/2

[Event "Moron Philidor CC op 17th"]
[Site "Moron"]
[Date "2018.09.11"]
[Round "3"]
[White "Wald, Gabriel"]
[Black "Edgar, Roberto"]
[Result "1/2-1/2"]
[WhiteElo "1860"]
[BlackElo "1995"]
[PlyCount "31"]
[EventDate "2018.09.04"]
[EventType "swiss"]
[EventRounds "6"]
[EventCountry "ARG"]
[SourceTitle "CBM 186 Extra"]
[Source "ChessBase"]
[SourceDate "2018.08.24"]
[SourceVersion "1"]
[SourceVersionDate "2018.08.24"]
[SourceQuality "1"]

1. Nf3 d5 2. d4 Nf6 3. c4 c6 4. cxd5 cxd5 5. Nc3 Nc6 6. Bf4 Qb6 7. a3 Bf5 8. Na4 Qd8 9. Nc3 e6 10. e3 a6 11. h3 Rc8 12. Bd3 Bxd3 13. Qxd3 Bd6 14. Bxd6 Qxd6 15. 0-0 0-0 16. Rfc1 1/2-1/2

[Event "Buenos Aires Philidor CC Christmas"]
[Site "Buenos Aires"]
[Date "2017.12.04"]
[Round "1.2"]
[White "Edgar, Roberto"]
[Black "Mazza, Andres"]
[Result "1/2-1/2"]
[WhiteElo "2048"]
[BlackElo "1895"]
[PlyCount "68"]
[EventDate "2017.12.04"]
[EventType "swiss"]
[EventRounds "6"]
[EventCountry "ARG"]
[SourceTitle "EXT 2024"]
[Source "ChessBase"]
[SourceDate "2023.10.10"]
[SourceVersion "1"]
[SourceVersionDate "2023.10.10"]
[SourceQuality "1"]

1. Nf3 h6 2. b3 g5 3. Bb2 Nf6 4. e4 d6 5. Bc4 Bg7 6. e5 dxe5 7. Nxe5 e6 8. Qe2 Bd7 9. Nxd7 Nbxd7 10. d4 c6 11. Nd2 Nb6 12. 0-0-0 Nbd5 13. h4 Qa5 14. hxg5 hxg5 15. Rxh8+ Bxh8 16. Bxd5 Nxd5 17. Kb1 0-0-0 18. Ne4 Bg7 19. Qh5 f6 20. Nc5 Nf4 21. Qf7 Qc7 22. Qxc7+ Kxc7 23. g3 b6 24. Ne4 Nh3 25. d5 e5 26. d6+ Kd7 27. g4 Nf4 28. Ng3 Ke6 29. Ne4 Bf8 30. c4 c5 31. b4 Bxd6 32. bxc5 Bc7 33. Rxd8 Bxd8 34. cxb6 axb6 1/2-1/2

[Event "Buenos Aires Philidor CC Christmas"]
[Site "Buenos Aires"]
[Date "2017.12.??"]
[Round "2.6"]
[White "Ardiles, Manuel"]
[Black "Edgar, Roberto"]
[Result "0-1"]
[WhiteElo "1912"]
[BlackElo "2048"]
[PlyCount "60"]
[EventDate "2017.12.04"]
[EventType "swiss"]
[EventRounds "6"]
[EventCountry "ARG"]
[SourceTitle "EXT 2024"]
[Source "ChessBase"]
[SourceDate "2023.10.10"]
[SourceVersion "1"]
[SourceVersionDate "2023.10.10"]
[SourceQuality "1"]

1. e4 Nf6 2. Nc3 e5 3. Nf3 Nc6 4. Bc4 Be7 5. 0-0 0-0 6. d3 d6 7. a3 a6 8. Ba2 h6 9. Ne2 Bg4 10. c3 d5 11. h3 Be6 12. Ng3 Qd7 13. Kh2 Rad8 14. Qe2 Rfe8 15. Ng1 Bf8 16. f4 exf4 17. Bxf4 dxe4 18. Bxe6 Rxe6 19. d4 Nd5 20. Be3 Bd6 21. c4 Nxe3 22. Qxe3 Rg6 23. N1e2 Nxd4 24. Nf4 Rxg3 25. Qxd4 Rxh3+ 26. Kg1 Bxf4 27. Qxd7 Be3+ 28. Rf2 Bxf2+ 29. Kxf2 Rxd7 30. gxh3 f5 0-1

[Event "Buenos Aires Philidor CC op"]
[Site "Buenos Aires"]
[Date "2017.11.07"]
[Round "1"]
[White "Edgar, Roberto"]
[Black "Schafer, Marcelo"]
[Result "0-1"]
[WhiteElo "2048"]
[BlackElo "1881"]
[PlyCount "84"]
[EventDate "2017.11.07"]
[EventType "swiss"]
[EventRounds "7"]
[EventCountry "ARG"]
[SourceTitle "CBM 181 Extra"]
[Source "ChessBase"]
[SourceDate "2017.12.12"]
[SourceVersion "1"]
[SourceVersionDate "2017.12.12"]
[SourceQuality "1"]

1. Nf3 Nf6 2. g3 e6 3. c4 c6 4. Bg2 d5 5. Qc2 Nbd7 6. 0-0 Be7 7. d4 0-0 8. Rd1 Ne4 9. Nfd2 f5 10. f3 Ng5 11. Nc3 f4 12. b3 Qe8 13. Nf1 fxg3 14. hxg3 Qh5 15. Bxg5 Bxg5 16. f4 Be7 17. e4 Nf6 18. e5 Nd7 19. c5 Nxc5 20. Ne3 Na6 21. Na4 Nb4 22. Qf2 b6 23. a3 Na6 24. b4 Bb7 25. Rac1 Rac8 26. Bf1 Nc7 27. Be2 Qh6 28. Kg2 Ba6 29. Rxc6 Qg6 30. f5 Qe8 31. Rdc1 Bxe2 32. Qxe2 Qd7 33. Qc2 Bg5 34. Kf3 exf5 35. Rxc7 Rxc7 36. Qxc7 Qxa4 37. Rc3 f4 38. Nc2 Qb5 39. Kg4 Bd8 40. Qd6 Qe2+ 41. Kh3 Qh5+ 42. Kg2 f3+ 0-1

[Event "Moron Philidor CC U2200 15th"]
[Site "Buenos Aires"]
[Date "2017.09.14"]
[Round "2"]
[White "Edgar, Roberto"]
[Black "Serratto, Ricardo Adolfo"]
[Result "1-0"]
[WhiteElo "1981"]
[BlackElo "1633"]
[PlyCount "69"]
[EventDate "2017.09.12"]
[EventType "swiss"]
[EventRounds "7"]
[EventCountry "ARG"]
[SourceTitle "CBM 180 Extra"]
[Source "ChessBase"]
[SourceDate "2017.10.06"]
[SourceVersion "1"]
[SourceVersionDate "2017.10.06"]
[SourceQuality "1"]

1. Nf3 Nf6 2. c4 Nc6 3. g3 g6 4. Bg2 d5 5. cxd5 Nxd5 6. Nc3 Nxc3 7. bxc3 Bg7 8. d4 0-0 9. 0-0 e5 10. e3 exd4 11. cxd4 Be6 12. Ba3 Re8 13. Rb1 Rb8 14. Rb2 Bd5 15. Re1 Na5 16. Nd2 Bxg2 17. Kxg2 Qd5+ 18. Qf3 Qd7 19. Rc1 Bf8 20. Bxf8 Kxf8 21. Ne4 Rxe4 22. Qxe4 c6 23. Rc5 Re8 24. Qf4 b5 25. d5 Nc4 26. dxc6 Qe7 27. Rbxb5 Nd6 28. Re5 Qd8 29. Rxe8+ Nxe8 30. Rb7 Qd5+ 31. e4 Qxa2 32. Qe5 Kg8 33. Qxe8+ Kg7 34. Qd7 Qc4 35. Qd5 1-0

[Event "Moron-River Plate m"]
[Site "Moron"]
[Date "2017.09.01"]
[Round "1.13"]
[White "Edgar, Roberto"]
[Black "Arias, Maria Paula"]
[Result "1-0"]
[WhiteElo "1981"]
[BlackElo "1608"]
[PlyCount "77"]
[EventDate "2017.09.01"]
[EventType "team-match"]
[EventRounds "1"]
[EventCountry "ARG"]
[SourceTitle "EXT 2019"]
[Source "ChessBase"]
[SourceDate "2018.10.10"]
[SourceVersion "1"]
[SourceVersionDate "2018.10.10"]
[SourceQuality "1"]
[WhiteTeam "Club Philidor Moron"]
[BlackTeam "Ajedrez River Plate"]
[WhiteTeamCountry "ARG"]
[BlackTeamCountry "ARG"]

1. Nf3 Nf6 2. c4 d6 3. g3 c6 4. Bg2 g6 5. 0-0 Bg7 6. Nc3 0-0 7. Rb1 Re8 8. d4 Bf5 9. Ra1 Qc8 10. Re1 e5 11. dxe5 dxe5 12. e4 Bh3 13. Bg5 Bxg2 14. Kxg2 Qe6 15. b3 Na6 16. Qe2 Rad8 17. Rad1 h6 18. Be3 Ng4 19. Bxa7 c5 20. Na4 Bf8 21. Bb6 Rc8 22. a3 Rc6 23. Ba5 b6 24. Bc3 Bd6 25. Bd2 Bf8 26. Nc3 Rd6 27. Nd5 Nb8 28. Nc7 Qd7 29. Nxe8 Qxe8 30. Bc3 Re6 31. Rd5 Nc6 32. Ng5 hxg5 33. Qxg4 Be7 34. f4 gxf4 35. gxf4 Bd6 36. f5 Rf6 37. Re3 Kg7 38. Rh3 Ne7 39. Rxd6 1-0

[Event "Philidor CC op 14th"]
[Site "Moron"]
[Date "2017.07.29"]
[Round "7"]
[White "Edgar, Roberto"]
[Black "Orione, Carlos"]
[Result "1/2-1/2"]
[WhiteElo "1955"]
[BlackElo "2137"]
[PlyCount "225"]
[EventDate "2017.07.18"]
[EventType "swiss"]
[EventRounds "7"]
[EventCountry "ARG"]
[SourceTitle "EXT 2019"]
[Source "ChessBase"]
[SourceDate "2018.10.10"]
[SourceVersion "1"]
[SourceVersionDate "2018.10.10"]
[SourceQuality "1"]

1. e4 c5 2. Nf3 d6 3. Bb5+ Nd7 4. 0-0 a6 5. Bxd7+ Bxd7 6. b3 e5 7. c3 g5 8. d4 g4 9. Ne1 cxd4 10. cxd4 Bb5 11. Nd3 exd4 12. Bb2 Qb6 13. Re1 Ne7 14. Nf4 Bg7 15. Qxg4 Ng6 16. Nd5 Qa5 17. b4 Qd8 18. Nd2 Bd7 19. Qg3 h5 20. Nc4 Be5 21. f4 h4 22. Qf2 Rc8 23. Ncb6 Nxf4 24. Nxc8 Nxd5 25. Nxd6+ Bxd6 26. exd5+ Kf8 27. Bxd4 Rh5 28. Bc5 Rxd5 29. Bxd6+ Rxd6 30. Qc5 Qb6 31. Rad1 Qxc5+ 32. bxc5 Rxd1 33. Rxd1 Ke7 34. h3 Be6 35. a3 Kf6 36. Rd4 Kg5 37. Kf2 Bf5 38. Rb4 Bc8 39. Rb6 Kf5 40. c6 bxc6 41. Rxc6 Bb7 42. Rc7 Bd5 43. a4 f6 44. Rh7 Kg5 45. Ke3 Bc6 46. a5 f5 47. Rg7+ Kf6 48. Rh7 Bxg2 49. Rxh4 Kg5 50. Rh8 f4+ 51. Kf2 Be4 52. Rg8+ Kh4 53. Rg4+ Kxh3 54. Rxf4 Bc6 55. Rf6 Bb5 56. Ke3 Kg4 57. Kd4 Kg5 58. Rd6 Kf5 59. Kc5 Ke5 60. Rd2 Ke6 61. Kb6 Ke7 62. Rd5 Bf1 63. Kc7 Ke6 64. Rd6+ Ke7 65. Rb6 Be2 66. Kb7 Kd7 67. Rb2 Bc4 68. Rd2+ Ke7 69. Rd4 Bb5 70. Kb6 Bf1 71. Rh4 Bb5 72. Rh7+ Kd8 73. Rc7 Bf1 74. Ra7 Kc8 75. Ra8+ Kd7 76. Rf8 Bb5 77. Rf5 Kc8 78. Rf7 Bd3 79. Rc7+ Kd8 80. Rc5 Bf1 81. Kb7 Kd7 82. Rd5+ Ke6 83. Rc5 Ke7 84. Rc7+ Kd8 85. Rf7 Bc4 86. Rf8+ Kd7 87. Rf6 Be2 88. Rf7+ Kd8 89. Rf5 Kd7 90. Rd5+ Ke6 91. Rd2 Bb5 92. Rb2 Bf1 93. Rb6+ Kd7 94. Kb8 Be2 95. Rb2 Bf1 96. Kb7 Bc4 97. Rd2+ Ke7 98. Rc2 Bd3 99. Rc5 Kd6 100. Rh5 Bf1 101. Rh6+ Kd7 102. Rh8 Bb5 103. Rh7+ Kd8 104. Rc7 Bd3 105. Rc5 Bf1 106. Rd5+ Ke7 107. Rd2 Bb5 108. Rd4 Bf1 109. Kc7 Bb5 110. Re4+ Kf6 111. Rb4 Be2 112. Kb7 Bd3 113. Rb6+ 1/2-1/2